Vista normal
Vista MARC
Entrada Materia (tema)
Número de registros utilizados en: 1
001 - CONTROL NUMBER
- control field: 89095
003 - CONTROL NUMBER IDENTIFIER
- control field: Co-BoUCM
005 - DATE AND TIME OF LATEST TRANSACTION
- control field: 20171116154337.0
008 - FIXED-LENGTH DATA ELEMENTS
- fixed length control field: 171116|| aca||aabn | a|a d
040 ## - CATALOGING SOURCE
- Original cataloging agency: Co-BoUCM
- Transcribing agency: Co-BoUCM
150 ## - HEADING--TOPICAL TERM
- Topical term or geographic name as entry element: Enfermedad cardíaca congénita en niños
- General subdivision: Imágen ultrasonica
670 ## - SOURCE DATA FOUND
- Source citation: Work cat.: (Co-BoUCM)308660: Echocardiography in pediatric and adult congenital heart disease, 2010